[Event "Marshall Chess Club GM 2020"]
[Site "New York"]
[Date "2020.02.28"]
[Round "3"]
[White "Perunovic, Milos"]
[Black "Niemann, Hans Moke"]
[Result "1-0"]
[WhiteElo "2591"]
[BlackElo "2459"]
[Annotator "TA"]
[PlyCount "143"]
[EventDate "2020.02.27"]
[EventType "tourn"]
[EventCountry "USA"]
[SourceTitle "playchess.com"]
[Source "ChessBase"]
[SourceQuality "1"]

{[%evp 22,143,54,50,64,45,51,41,35,19,18,14,36,12,52,45,46,42,27,45,39,14,0,0,10,10,74,65,100,84,79,79,85,14,100,74,67,72,60,71,80,66,82,92,81,97,129,0,0,0,0,0,0,-35,0,0,0,0,0,0,0,0,29,34,253,253,238,245,210,141,131,133,123,85,124,34,77,77,77,80,77,77,87,0,39,0,100,16,108,12,13,13,13,13,986,930,1194,1211,1061,425,463,0,1135,1088,1041,1000,948,956,12841,12842,12842,12843,12843,12843,12844,12844,12845,12845,12845,12846,12847,12847,12849,12849]} 1. e4 c5 2. Nf3 Nc6 3. d4 cxd4 4. Nxd4 Nf6 5. Nc3 d6 6. Bg5 e6 7. Qd2 a6 8. O-O-O Bd7 9. f4 Be7 10. Nf3 b5 11. Bxf6 gxf6 12. Kb1 b4 {B69: Sicilian: Richter-Rauzer: 7...a6 8 0-0-0 Bd7 9 f4 Be7 10 Nf3 b5 11 Bxf6.} 13. Ne2 h5 14. Ned4 Qb6 {White is slightly better.} 15. Bc4 Na5 {[%cal Bc6a5,Ba5b7,Bb7c5][%mdl 32]} 16. Bd3 Nb7 {[#]} 17. Rhe1 $146 ({Predecessor:} 17. Qe2 Nc5 18. Bc4 a5 19. Bb5 O-O-O 20. f5 Kb8 21. Bxd7 Rxd7 22. Nb3 Nb7 23. fxe6 fxe6 {0-1 (47) Matsenko,S (2534)-Demchenko,A (2645) Konya 2017}) 17... Nc5 18. Bc4 Rc8 19. Nb3 Nb7 20. Qe2 a5 21. Nbd4 (21. f5 $5) 21... a4 22. Bb5 Bxb5 23. Nxb5 Qc5 (23... Rc5 $11 24. Nbd4 Na5) 24. f5 $36 {[%mdl 2048] White is more active.} e5 25. Rd5 Qc4 26. Qxc4 Rxc4 27. b3 (27. Nd2 $16 Rc5 28. c3 Rxd5 29. Nc7+ (29. exd5 bxc3 30. Nxc3 Rg8 $14) 29... Kd7 30. Nxd5 bxc3 31. Nxc3 (31. bxc3 Nc5 $14)) 27... Rc5 (27... Rc6 $11) 28. Rxc5 ({Reject} 28. bxa4 $6 Kd7 $11) (28. c3 {seems wilder.} axb3 29. cxb4 bxa2+ 30. Kxa2 Rc6 31. Re3) 28... Nxc5 29. Nc7+ Kd7 30. Nd5 Rb8 31. Nd2 Bd8 32. a3 bxa3 33. b4 Kc6 {aiming for ...Nxe4!} 34. Ka2 (34. Rd1 $16) 34... Nxe4 $1 $11 {[%mdl 64] Remove Defender} 35. Rxe4 Kxd5 36. Kxa3 {[%mdl 4096] Endgame KRB-KRN} Kc6 {And now ...d5 would win.} 37. c4 Ra8 38. Rh4 d5 39. cxd5+ Kxd5 40. Rxh5 e4 41. Rh8 {Threatens to win with Re8.} Rb8 (41... e3 $5 {[%cal Re3d2]} 42. Nf3 Rc8 $11) 42. Re8 e3 $2 ({Black should play} 42... Bc7 $1 $14 43. Nxe4 Rxe8 44. Nxf6+ {[%mdl 64] Double Attack} Kc6 45. Nxe8 Bxh2) 43. Rxe3 $18 Bc7 44. Rd3+ ({Don't play} 44. Kxa4 $6 Ra8+ 45. Kb3 Bxh2 $16) 44... Kc6 45. Kxa4 Ra8+ 46. Kb3 Bxh2 47. Nf3 Bc7 48. g4 (48. Nd4+ $1 $16 Kb6 49. Nc2) 48... Rg8 49. Rd4 Bb6 50. Rc4+ Kd5 51. Nd2 Bd4 52. Nf3 Bb6 53. Nd2 (53. Nh4 $14) 53... Bd4 $1 $16 54. b5 (54. Nb1 $1 $16) 54... Rg7 (54... Re8 $11) 55. Rb4 (55. Nb1 $1 $16) 55... Rg8 $11 56. b6 Bc5 57. Ne4 Be7 $2 {[%mdl 8192] Black is on the road to losing.} (57... Bd4 $11) 58. Nc3+ $1 $18 Kd6 {[#]} 59. Rd4+ $1 Ke5 60. Re4+ (60. Rd7 $142 Bd6 61. Nb5) 60... Kd6 {Black hopes to continue with ...Rb8.} 61. Rd4+ (61. Kb4 $142) 61... Ke5 $1 {[%cal Re5d4]} 62. Rd7 {White is clearly winning.} Bd6 63. b7 Bb8 64. Nd5 Rxg4 65. Rd8 Ba7 66. Ra8 Kxd5 67. Rxa7 {KR-KR} Rg3+ 68. Kb4 Rg1 {[#]} 69. Ra3 $1 ({Not} 69. Ra5+ Kc6 $16) 69... Rg4+ 70. Kb5 Rg1 71. Ra4 Rb1+ 72. Rb4 {Accuracy: White = 72%, Black = 66%.} 1-0

[Event "Marshall Chess Club GM 2020"]
[Site "New York"]
[Date "2020.02.28"]
[Round "3"]
[White "Paragua, Mark"]
[Black "Wang, Qibiao"]
[Result "1-0"]
[WhiteElo "2513"]
[BlackElo "2362"]
[Annotator "TA"]
[PlyCount "85"]
[EventDate "2020.02.27"]
[EventType "tourn"]
[EventCountry "USA"]
[SourceTitle "playchess.com"]
[Source "ChessBase"]
[SourceQuality "1"]

{[%evp 14,85,2,-15,-11,-19,-7,-5,0,0,23,-6,6,0,120,128,145,137,143,132,296,179,163,172,355,352,341,251,354,105,100,109,116,86,103,100,97,100,102,102,114,101,117,108,164,153,250,250,246,243,223,243,238,228,246,212,230,133,314,314,387,370,397,386,511,506,550,539,2070,2525,2522,2300,2020,1798]} 1. e4 e5 2. Nc3 Nf6 3. g3 Bc5 4. Bg2 d6 5. Nge2 Nc6 6. d3 a6 7. O-O O-O 8. h3 b5 {C26: Vienna Game: 2...Nf6, sidelines .} 9. a3 h6 10. Kh2 Bb7 {The position is equal.} 11. f4 Re8 {[#]} 12. f5 $146 ({Predecessor:} 12. g4 Bb6 13. Ng3 Nd7 14. Nd5 Ba7 15. f5 Ne7 16. f6 Nxd5 17. exd5 Nxf6 18. g5 Nxd5 {1-0 (24) Bergquist,R-Hansen,H Norway 1998}) 12... Nd4 13. g4 Rb8 (13... Nxe2 $11 {remains equal.} 14. Qxe2 d5) 14. Ng3 $1 $16 Nh7 15. Nd5 f6 16. h4 Ba7 $2 (16... Rf8 $16 {is a better defense.} 17. c3 Nc6) 17. Nh5 c6 18. Ne3 c5 $2 (18... b4 {was worth a try.} 19. axb4 d5) 19. c3 $18 Nc6 20. Nd5 Ne7 {[#]} (20... Rf8 $142 21. Be3 Ne7) 21. Be3 $2 (21. Ndxf6+ $1 $18 {is the precise move to win.} Nxf6 22. g5 Nxh5 23. Qxh5 Nxf5 24. Rxf5) 21... Nxd5 $16 22. exd5 Rf8 23. Be4 Bb6 24. c4 Bc8 25. Rg1 Rb7 26. Rg2 Kh8 27. Qc2 Qe8 28. Ng3 bxc4 (28... Bd7 $16) 29. dxc4 $18 Bd8 (29... Bd7 $16 30. Rb1 Qb8) 30. b4 cxb4 31. axb4 Rxb4 32. c5 Qb5 33. Bd3 (33. cxd6 $6 Bd7 $16) 33... Qb8 34. Ne4 Bc7 35. Rc1 ({Much less strong is} 35. Bxa6 Qa8) ({Don't take} 35. Nxd6 $6 Bxd6 36. cxd6 e4 $16) (35. cxd6 $6 Bb6 $16) ({Better is} 35. Ra4 $18) 35... Bb7 $2 (35... a5 $16 36. cxd6 (36. Nxd6 e4 $14) 36... Bxd6) 36. cxd6 Bb6 37. Bxb6 Rxb6 38. Qc5 Ba8 39. d7 {White is clearly winning.} Rd8 {[#]} 40. Qe7 $1 {And now Rgc2 would win.} Nf8 {[#]} 41. Rc8 $1 {[%mdl 576] Promotion} Rxc8 42. dxc8=Q Qxc8 43. Rc2 {Accuracy: White = 72%, Black = 49%.} 1-0

[Event "Marshall Chess Club GM 2020"]
[Site "New York"]
[Date "2020.02.28"]
[Round "3"]
[White "Korley, Kassa"]
[Black "Colas, Joshua"]
[Result "1-0"]
[WhiteElo "2430"]
[BlackElo "2319"]
[Annotator "TA"]
[PlyCount "153"]
[EventDate "2020.02.27"]
[EventType "tourn"]
[EventCountry "USA"]
[SourceTitle "playchess.com"]
[Source "ChessBase"]
[SourceQuality "1"]

{[%evp 11,153,0,37,37,52,47,51,56,52,50,50,43,52,43,43,34,41,35,39,39,38,31,47,47,51,43,47,47,47,47,47,47,47,47,47,47,47,47,47,47,47,47,47,0,47,47,58,70,60,47,90,47,65,65,83,65,65,65,65,65,152,152,152,152,156,0,154,153,250,250,250,243,296,143,168,143,172,163,170,162,152,160,244,236,437,418,596,587,521,515,702,682,678,662,660,635,595,569,763,812,872,841,650,644,840,834,826,817,850,700,1661,1538,5089,4687,5210,3817,4134,2287,1658,1390,1605,9339,29951,10731,5089,29963,6087,8672,12819,1979,29977,29978,29976,29978,29981,29982,29982,29983,29984,29984,29986,29987,29987,29988]} 1. e4 c6 2. Nc3 d5 3. Nf3 Bg4 4. h3 Bxf3 5. Qxf3 e6 6. d4 Nd7 7. Bd3 {[#] B11: Caro-Kann: Two Knights Variation.} a6 $146 ({Predecessor:} 7... dxe4 8. Nxe4 Ngf6 9. c3 Nxe4 10. Qxe4 Nf6 11. Qe2 Bd6 12. O-O O-O 13. Re1 Re8 14. Qf3 Qa5 15. Bc4 Qf5 16. Qxf5 exf5 17. Rxe8+ Rxe8 18. Bd2 Ne4 19. Re1 {½-½ (66) Dominguez Perez,L (2723)-Mamedyarov,S (2766) Loo 2013}) 8. O-O dxe4 9. Nxe4 {White is slightly better.} Ngf6 10. c3 Nxe4 11. Qxe4 Nf6 12. Qe2 Bd6 13. a4 O-O 14. Bg5 Be7 15. Rfe1 Re8 16. a5 Qd5 17. Bf4 Rad8 18. Bc4 Qd7 19. Qf3 Nd5 20. Be5 Bd6 21. h4 Qe7 22. g3 Bxe5 23. Rxe5 h6 24. Rae1 Rd6 25. Kg2 Nf6 26. R5e2 Nd5 27. Re5 Nf6 28. b4 Nd5 29. Bb3 Red8 30. Qd3 Nf6 31. R5e2 Kf8 32. f4 $36 {[%mdl 2048] Hoping for f5. White is more active.} Qc7 33. f5 exf5 34. Qxf5 Qd7 35. Qd3 Re8 ({Black should try} 35... Rc8 $14) 36. Rxe8+ $16 {[%mdl 64] Overworked Piece} Nxe8 37. Qh7 {[%cal Rh7h8]} Nf6 38. Qh8+ Ng8 39. Rf1 Re6 (39... Rd5 $16) 40. Bxe6 $18 Qxe6 {[%mdl 4096] Endgame KQR-KQN} 41. Qh7 $1 g6 {[#]} 42. Qh8 (42. h5 $1 $18 {[%cal Rh5g6] and the rest is easy. Threatens to win with hxg6.} gxh5 43. Qf5) 42... Qe4+ 43. Rf3 Qe2+ 44. Rf2 Qe4+ 45. Kh2 Qe1 46. Rg2 h5 {[#]} (46... Qxc3 $16 47. Qe5 Qd3) 47. Qe5 $1 {[%cal Re5e1]} Qxe5 $2 (47... Qf1 {keeps fighting.}) 48. dxe5 {KR-KN} Nh6 (48... Ne7 $142 49. Rd2 Ke8) 49. Re2 Ke7 50. Kg2 Nf5 51. Kf3 Ng7 52. Rd2 Ne6 53. Ke4 Nc7 54. c4 Ke8 55. Rg2 Kd7 56. g4 hxg4 57. Rxg4 Ne6 58. Rg1 Ke7 59. Rh1 Ng7 60. b5 cxb5 61. cxb5 axb5 62. Rb1 Kd7 63. Rxb5 Kc7 64. Rc5+ Kd7 65. Rc1 Nf5 66. Rb1 (66. Rd1+ $142 Kc7 67. Rc1+ Kd7 68. Rb1) 66... Kc7 67. Rb6 Ng3+ 68. Kd5 Nh5 69. Kc5 Ng3 70. Rb1 (70. e6 $142 fxe6 71. Rxe6) 70... g5 71. hxg5 {White mates.} Ne4+ 72. Kd4 Nxg5 73. Rc1+ Kd7 74. Kc5 Kc7 75. Kb5+ Kb8 76. Kb6 Ne6 77. Rc4 {Accuracy: White = 91%, Black = 60%.} 1-0

[Event "Marshall Chess Club GM 2020"]
[Site "New York"]
[Date "2020.02.28"]
[Round "3"]
[White "Wang, Kevin"]
[Black "Khamrakulov, Djurabek"]
[Result "1/2-1/2"]
[WhiteElo "2418"]
[BlackElo "2525"]
[Annotator "TA"]
[PlyCount "57"]
[EventDate "2020.02.27"]
[EventType "tourn"]
[EventCountry "USA"]
[SourceTitle "playchess.com"]
[Source "ChessBase"]
[SourceQuality "1"]

{[%evp 13,57,0,12,5,12,7,13,11,10,-27,-16,-47,0,0,0,0,0,5,5,5,16,17,18,15,17,11,21,17,19,17,19,27,24,28,15,8,5,0,24,21,20,18,22,17,37,15]} 1. e4 c5 2. c3 Nf6 3. e5 Nd5 4. Nf3 Nc6 5. Bc4 Nb6 6. Bb3 d5 $1 {[%mdl 4] is recently more successful than 6...c4.} 7. exd6 Qxd6 8. Na3 {B22: Sicilian: 2 c3.} a6 9. O-O Bf5 10. d4 {The position is equal.} cxd4 $1 11. cxd4 e6 $1 12. Be3 Be7 13. Ne5 $1 O-O 14. Nac4 Nxc4 15. Nxc4 Qd8 16. d5 Qxd5 17. Qxd5 exd5 18. Nb6 $1 {[%csl LRa8,LRd5][%mdl 64] [#] Double Attack} Rad8 19. Nxd5 Bd6 {[#]} 20. Rad1 $146 ({Predecessor:} 20. Bb6 Rc8 21. Ne3 Be6 22. Bxe6 fxe6 23. Rad1 Bc7 24. Nc4 Rf4 25. b3 Rxc4 26. Bxc7 {½-½ (45) Thalwitzer,D (2093)-Borovikov,V (2532) Germany 2012}) 20... Be6 21. Bb6 {Threatens to win with Ne3.} Rd7 22. f4 Ne7 23. Ba4 {[#] Strongly threatening Nxe7+.} Nc6 24. g3 {Hoping for f5.} Be5 25. Nc3 {Black must now prevent Rxd7.} Bf6 26. Rxd7 Bxd7 27. Rd1 Be6 28. Rd2 Bd8 29. Bxd8 {Not much happened in this game. Accuracy: White = 96%, Black = 94%.} 1/2-1/2

[Event "Marshall Chess Club GM 2020"]
[Site "New York"]
[Date "2020.02.28"]
[Round "3"]
[White "Kaliksteyn, Alexander"]
[Black "Yoo, Christopher Woojin"]
[Result "0-1"]
[WhiteElo "2394"]
[BlackElo "2430"]
[Annotator "TA"]
[PlyCount "54"]
[EventDate "2020.02.27"]
[EventType "tourn"]
[EventCountry "USA"]
[SourceTitle "playchess.com"]
[Source "ChessBase"]
[SourceQuality "1"]

{[%evp 22,54,-18,-25,-24,-36,-22,-23,-13,-20,-20,-24,-27,-31,-26,-22,-13,-116,-123,-116,-116,-116,-124,-116,-114,-139,-136,-300,-295,-427,-394,-387,-393,-768,-738]} 1. d4 Nf6 2. Nf3 g6 3. Bf4 Bg7 4. e3 O-O 5. h3 d6 6. Be2 b6 7. O-O Bb7 8. c4 Nbd7 9. Nc3 Ne4 10. Nxe4 Bxe4 11. Qd2 e5 12. Bh2 Qe7 {E61: King's Indian: Early deviations for White, including Smyslov System.} 13. Rfd1 Rad8 14. Rac1 Bb7 {Black has an edge.} 15. b4 Rfe8 16. Qc2 {[#]} Bxf3 $146 ({Predecessor:} 16... c5 17. bxc5 dxc5 18. d5 Nf8 19. e4 Bc8 20. Re1 f5 21. exf5 gxf5 22. Nd2 Ng6 23. Bh5 Qg5 24. Bxg6 Qxg6 {1-0 (62) Lebel,P (2240)-Boyd,S (2265) Hyeres 1992}) 17. Bxf3 exd4 18. exd4 Bxd4 19. Qa4 (19. Rxd4 $2 {[#] is a self mate.} Qe1+ $1 {[%mdl 512]} 20. Rxe1 Rxe1#) (19. Bf4 $11 Bf6 20. Bc6) 19... Ne5 $17 20. Bxe5 ({But not} 20. Rxd4 $2 Nxf3+ 21. gxf3 Qg5+ 22. Kf1 Qxc1+ $19) 20... dxe5 21. Bc6 Rf8 22. b5 e4 23. Bd5 Qe5 {aiming for ...e3.} 24. Re1 $2 {Now White is beyond hope.} (24. Rc2 $17 {might work better.}) 24... Qf4 $19 ({Worse is} 24... Bxf2+ 25. Kxf2 Qd4+ 26. Ke2 $11) 25. Rc2 (25. Qc2 $142 e3 26. fxe3 Bxe3+ {[%mdl 64] Double Attack} 27. Kh1) 25... e3 26. fxe3 Bxe3+ 27. Kh1 $2 {[#]} (27. Rxe3 Qxe3+ 28. Rf2) 27... Rxd5 $1 {[%mdl 576] Pin. Accuracy: White = 41%, Black = 100%.} 0-1

[Event "Marshall Chess Club GM 2020"]
[Site "New York"]
[Date "2020.02.28"]
[Round "4"]
[White "Khamrakulov, Djurabek"]
[Black "Wang, Qibiao"]
[Result "1/2-1/2"]
[WhiteElo "2525"]
[BlackElo "2362"]
[Annotator "TA"]
[PlyCount "124"]
[EventDate "2020.02.27"]
[EventType "tourn"]
[EventCountry "USA"]
[SourceTitle "playchess.com"]
[Source "ChessBase"]
[SourceQuality "1"]

{[%evp 14,124,25,26,23,10,35,32,33,34,29,27,21,11,31,14,24,6,31,0,0,0,0,-15,0,-12,0,0,0,0,-6,-6,0,0,0,0,30,21,24,28,29,29,29,29,52,54,56,63,51,26,25,25,27,28,28,28,29,29,42,4,4,5,5,5,5,5,11,0,0,0,0,0,0,0,0,0,0,0,0,0,0,0,0,0,0,0,8,8,88,88,88,88,88,88,88,88,88,88,88,88,88,0,88,88,88,88,88,0,0,0,0,0,0]} 1. e4 e5 2. Nf3 Nf6 3. Nc3 Bb4 4. Nxe5 O-O 5. Be2 Re8 6. Nd3 Bxc3 7. dxc3 Nxe4 8. O-O d6 {C42: Petroff Defence: 3 Nxe5 and unusual White 3rd moves.} 9. f3 Nf6 10. Bg5 h6 {White is slightly better.} 11. Bh4 Bf5 {[#]} 12. Qd2 $146 ({Predecessor:} 12. Re1 Nbd7 13. Qd2 c6 14. c4 Qb6+ 15. Bf2 c5 16. b3 Qc6 17. Rad1 Rad8 18. Bg3 {1-0 (48) Jedinger,A (2158)-Mantl,K (1868) ICCF email 2014}) 12... Nbd7 13. Bf2 Ne5 14. b3 a5 15. a4 b6 16. Rad1 (16. Rfe1 {is more complex.} Nxd3 17. cxd3 Qd7 18. d4 c6 19. Bc4) 16... Nxd3 17. Bxd3 Bxd3 18. cxd3 Qd7 19. d4 Qf5 20. c4 Re7 21. Qd3 Qxd3 22. Rxd3 Rae8 23. Rfd1 Nd7 24. Kf1 Nb8 25. c5 d5 26. Rc3 Na6 27. cxb6 cxb6 28. Re1 Rxe1+ 29. Bxe1 $11 {[%mdl 4096] Endgame KRB-KRN} Nb4 30. Bd2 Kf8 31. g4 Re6 32. Rc8+ Ke7 33. Rc7+ Ke8 $1 34. Bxb4 axb4 {KR-KR} 35. Kf2 g5 36. Kg3 Re3 37. Rc6 Rxb3 38. Rxb6 Rb1 39. a5 Ra1 40. Rb5 b3 41. Rxb3 {And now Rb5 would win.} Rxa5 42. Rb6 Ra4 43. Rxh6 Rxd4 44. h4 gxh4+ 45. Kxh4 f5 46. Kh5 fxg4 47. fxg4 Kf7 48. g5 Ra4 49. Rd6 Kg7 50. Rd7+ Kg8 {[#]} (50... Kf8 $11 {keeps the balance.}) 51. Kh6 $1 $16 {Hoping for Rd8+.} ({Of course not} 51. Rxd5 $6 Ra6 $11) 51... Ra6+ 52. g6 {[%cal Rd7d8]} Ra8 53. Rxd5 Rb8 54. Rd7 Ra8 55. Rg7+ Kh8 56. Rf7 Kg8 57. Rg7+ Kh8 58. Re7 Kg8 59. Re6 Rb8 60. g7 ({White should play} 60. Ra6 $16) 60... Ra8 {The position is equal.} 61. Rf6 Rb8 62. Rf8+ Rxf8 {Accuracy: White = 92%, Black = 90%.} 1/2-1/2

[Event "Marshall Chess Club GM 2020"]
[Site "New York"]
[Date "2020.02.28"]
[Round "4"]
[White "Niemann, Hans Moke"]
[Black "Kaliksteyn, Alexander"]
[Result "1-0"]
[WhiteElo "2459"]
[BlackElo "2394"]
[Annotator "TA"]
[PlyCount "63"]
[EventDate "2020.02.27"]
[EventType "tourn"]
[EventCountry "USA"]
[SourceTitle "playchess.com"]
[Source "ChessBase"]
[SourceQuality "1"]

{[%evp 9,63,13,7,3,14,19,11,13,22,20,24,0,0,-6,0,0,0,0,0,0,0,-18,-16,-16,-22,-22,-20,-31,0,0,0,0,0,0,0,0,0,0,127,139,421,433,461,293,281,262,289,280,619,619,619,619,614,611,718,717]} 1. Nf3 d5 2. b3 c5 3. Bb2 Nc6 4. e3 a6 5. d4 Nf6 6. Be2 {A06: Réti Opening: 1 Nf3 d5.} Bg4 7. Nbd2 e6 8. O-O {The position is equal.} Rc8 9. c4 cxd4 10. exd4 {[#]} dxc4 $146 ({Predecessor:} 10... Be7 11. Ne5 Bxe2 12. Qxe2 O-O 13. Nxc6 bxc6 14. c5 a5 15. a3 Ra8 16. Bc3 Qd7 17. Rfb1 Rfc8 18. Nf3 {0-1 (18) Karlsson,L (2476)-Erdos,V (2576) Sitges 2008}) 11. Nxc4 Be7 12. Ne3 Bh5 13. d5 exd5 14. Nd4 Bg6 15. h4 {With the idea h5.} h6 16. h5 Be4 17. Ndf5 O-O 18. Bf3 Re8 {[#]} (18... d4 $5 19. Bxe4 dxe3 20. Qxd8 Bxd8 $11) 19. Nxg7 $1 {[%mdl 512]} Kxg7 20. Bxe4 dxe4 21. Qg4+ $1 Kf8 22. Qf4 Ng8 {aiming for ...Bg5.} 23. Rad1 Bg5 {[#]} (23... Qc7 $11 {keeps the balance.} 24. Nf5 f6) 24. Nf5 $1 $40 {[%csl Gf5][%cal Rb2g7][%mdl 1664] White has strong compensation. Black is in trouble.} f6 $2 {[%mdl 8192] This costs Black the game.} (24... Bxf4 25. Bg7#) (24... Nf6 $16 25. Rxd8 Bxf4 26. Rxc8 Rxc8 27. Bxf6 Be5) 25. Ba3+ $18 Kf7 26. Nd6+ Kg7 27. Qf5 {Threatening mate with Qg6+.} Nce7 28. Qe6 ({Not} 28. Nxe8+ Qxe8 29. Qxe4 Qc6 $16) ({Don't play} 28. Qxe4 $6 Qd7 $18) 28... Qa5 $2 (28... e3 29. fxe3 (29. f4 Bh4 $18) 29... Qa5) 29. Qf7+ {[%mdl 64] Double Attack. White is clearly winning.} Kh8 {Hoping for ...Rf8.} 30. Nxc8 ({Weaker is} 30. Nxe8 Rxe8 31. Qxe8 Qxa3 $18) 30... Rxc8 31. Bxe7 Qc7 {[#]} 32. Rd8 $1 {[%mdl 512] Accuracy: White = 94%, Black = 58%.} 1-0

[Event "Marshall Chess Club GM 2020"]
[Site "New York"]
[Date "2020.02.28"]
[Round "4"]
[White "Yoo, Christopher Woojin"]
[Black "Paragua, Mark"]
[Result "1-0"]
[WhiteElo "2430"]
[BlackElo "2513"]
[Annotator "TA"]
[PlyCount "117"]
[EventDate "2020.02.27"]
[EventType "tourn"]
[EventCountry "USA"]
[SourceTitle "playchess.com"]
[Source "ChessBase"]
[SourceQuality "1"]

{[%evp 14,117,32,14,54,41,32,40,145,145,141,133,135,145,127,139,130,141,291,269,289,302,300,307,295,309,301,301,289,296,306,306,383,316,323,304,410,254,314,320,317,177,177,173,182,208,336,327,328,321,340,333,341,316,327,290,349,347,375,367,371,364,364,362,364,355,1349,268,275,271,271,267,263,263,248,241,241,241,233,212,183,67,67,60,67,59,57,0,67,67,67,67,68,64,67,66,68,67,68,71,358,71,29978,29978,29985,29986]} 1. e4 c5 2. Nf3 d6 3. d4 cxd4 4. Nxd4 Nf6 5. Nc3 a6 6. Bg5 e6 7. Qf3 Be7 8. O-O-O {And now e5 would win.} Qa5 {B95: Sicilian Najdorf: 6 Bg5 e6, unusual White 7th moves.} 9. h4 Nbd7 10. Be2 Nc5 (10... Qc7 $14) 11. e5 $1 $16 {[%cal Re5f6][%mdl 64] Decoy} dxe5 {[#]} 12. Nc6 $1 {[%cal Rc6a5][%mdl 576] [#] Double Attack} Qc7 $146 (12... bxc6 13. Qxc6+) ({Predecessor:} 12... bxc6 13. Qxc6+ Ncd7 14. Qxa8 O-O 15. Rxd7 Bxd7 16. Qxa6 Qc7 17. Rd1 Rc8 18. Bxf6 Bxf6 {½-½ (24) Kivioja,E-Bronstein,D Parnu 1971}) 13. Nxe7 Qxe7 14. h5 $36 {[%mdl 2048] Strongly threatening h6. Keeping Black busy.} h6 15. Bh4 e4 (15... Kf8 $16 {was worth a try.} 16. Bg3 Ncd7) 16. Qe3 $18 Bd7 17. b4 Nd3+ 18. cxd3 Qxb4 19. Bxf6 ({Resist} 19. dxe4 $6 Nxe4 20. Qxe4 Qxc3+ 21. Kb1 Bb5 $18) 19... gxf6 20. dxe4 Rc8 21. Rh3 Rg8 22. g4 e5 23. Qd2 Ba4 24. Re1 Kf8 25. Re3 Kg7 26. Qb2 Qa5 27. Kb1 (27. Bd1 $142) 27... Rc6 {Threatens to win with ...Rb6.} 28. Ka1 Rgc8 {[%cal Rc6c3]} 29. Rc1 Qc7 (29... R8c7 $142 30. Qa3 b6) 30. g5 fxg5 31. Bg4 Rb6 32. Qa3 Bd7 33. Bxd7 Qxd7 34. Nd5 {[%cal Bc3d5,Bd5e3,Be3f5][%mdl 32]} Rbc6 35. Rb1 Rc2 36. Rd3 Qe6 37. Ne3 Rxf2 38. Rd6 Rc3 39. Nf5+ Kh7 $2 (39... Qxf5 40. Qxc3 Qxe4) 40. Rxe6 $2 (40. Qa5 Rc5 41. Qa4) 40... Rxa3 {[%csl Ga3][%cal Rf2a2]} 41. Rxh6+ Kg8 {[%csl Ga3][%cal Rf2a2]} 42. Rxb7 {[%cal Rb7b8]} Rfxa2+ 43. Kb1 {[%cal Rb7b8]} Ra1+ 44. Kc2 {[%cal Rb7b8]} R1a2+ {[#]} 45. Rb2 $1 Rxb2+ 46. Kxb2 {[%mdl 4096] Endgame KRN-KR} Ra4 {[#]} 47. Rd6 ({White must play} 47. Ng3 $1 $18) 47... Rxe4 $14 48. Rd8+ Kh7 49. Rd7 Kg8 50. Rd8+ Kh7 51. Rf8 Rf4 52. Rxf7+ Kh8 53. Rf8+ Kh7 54. Rf6 {Hoping for Rh6+.} g4 55. Rh6+ Kg8 56. Rg6+ Kh8 $2 {[%mdl 8192]} (56... Kh7 $16 {might work better.}) 57. Nh6 $2 (57. Ne3 $18 {is more deadly.}) 57... e4 $2 {[%mdl 8192]} (57... g3 $16) 58. Nxg4 Rf5 59. Nf6 {Accuracy: White = 74%, Black = 47%.} 1-0

[Event "Marshall Chess Club GM 2020"]
[Site "New York"]
[Date "2020.02.28"]
[Round "4"]
[White "Wang, Kevin"]
[Black "Korley, Kassa"]
[Result "1/2-1/2"]
[WhiteElo "2418"]
[BlackElo "2430"]
[Annotator "TA"]
[PlyCount "40"]
[EventDate "2020.02.27"]
[EventType "tourn"]
[EventCountry "USA"]
[SourceTitle "playchess.com"]
[Source "ChessBase"]
[SourceQuality "1"]

{[%evp 13,40,4,19,21,21,14,11,18,20,12,14,3,-7,-12,0,-10,0,-20,-25,-23,16,-14,-18,-21,0,0,0,0,0]} 1. e4 e5 2. Bc4 Nf6 3. d3 Nc6 4. Nf3 Bc5 5. O-O d6 6. c3 O-O 7. h3 {7.Re1 gains popularity.} Bb6 8. Re1 {C54: Giuoco Piano: 4 c3 Nf6, main lines with 5 d4 and 5 d3.} Ne7 9. Nbd2 {[%cal Bb1d2,Bd2f1,Bf1g3][%mdl 32]} Ng6 10. Nf1 c6 11. Bb3 Be6 12. Bc2 {[#]} d5 $146 ({Predecessor:} 12... h6 13. Ng3 Bc7 14. Qe2 Re8 15. Be3 d5 16. Red1 Qe7 17. Qe1 Red8 18. Nf5 Qd7 {1-0 (92) Fesselier,C (1416)-Von Jan,L (1285) Oberhof 2013}) 13. exd5 Nxd5 ({Reject} 13... Bxd5 14. Nxe5 Nxe5 15. Rxe5 $14) 14. Ng3 Qc7 15. d4 exd4 $1 16. Nxd4 Bd7 17. Bg5 {The position is equal.} Rae8 18. Qf3 Re5 19. Bd2 Rfe8 20. Ndf5 Rxe1+ {Not much happened in this game. Accuracy: White = 92%, Black = 92%.} 1/2-1/2